[Event "Vaxjo Visma IM-A"]
[Site "Vaxjo"]
[Date "2015.06.28"]
[Round "8"]
[White "Livner, Anders"]
[Black "Cederstam Barsk, Carl"]
[Result "1-0"]
[WhiteElo "2347"]
[BlackElo "2336"]
[PlyCount "65"]
[EventDate "2015.06.24"]
[EventType "tourn"]
[EventRounds "9"]
[EventCountry "SWE"]
[EventCategory "4"]
[SourceTitle "CBM 167 Extra"]
[Source "ChessBase"]
[SourceDate "2015.09.14"]
[SourceVersion "1"]
[SourceVersionDate "2015.09.14"]
[SourceQuality "1"]

1. d4 Nf6 2. c4 g6 3. g3 Bg7 4. Bg2 0-0 5. Nf3 d6 6. 0-0 Nc6 7. Nc3 a6 8. b3 e5 9. Bb2 Rb8 10. d5 Na5 11. Nd2 c5 12. dxc6 bxc6 13. Ba3 d5 14. Bxf8 Bxf8 15. cxd5 cxd5 16. Nde4 Nxe4 17. Nxe4 Be6 18. Nc3 d4 19. Na4 Ba3 20. Qd3 Bd7 21. f4 Bb5 22. Qe4 Bc6 23. Qd3 Bb5 24. Qd2 e4 25. Bxe4 Qe7 26. Bf3 Bb4 27. Qc2 Qe3+ 28. Rf2 Re8 29. Kg2 Bd7 30. Rd1 Bh3+ 31. Kg1 Rc8 32. Qb2 Bf5 33. Qxd4 1-0